[Event "43. Olimpiada Batumi 2018 Femenina"]
[Site "Batumi GEO"]
[Date "2018.09.27"]
[Round "4.4"]
[White "Guerrero Rodriguez, Alejandra"]
[Black "Lehaci, Miruna-Daria"]
[Result "0-1"]
[WhiteElo "2009"]
[BlackElo "1933"]
[PlyCount "72"]
[EventDate "2018.09.24"]
[EventType "team-swiss"]
[EventRounds "11"]
[EventCountry "GEO"]
[SourceTitle "Ajedrez en Madrid"]
[Source "lmi"]
[SourceDate "2018.09.24"]
[WhiteTeam "Mexico"]
[BlackTeam "Romania"]
[WhiteTeamCountry "MEX"]
[BlackTeamCountry "ROU"]

1. d4 Nf6 2. g3 e6 3. c4 c5 4. d5 exd5 5. cxd5 d6 6. Nc3 g6 7. Bg2 Bg7 8. a4
O-O 9. Nf3 Re8 10. Nd2 Nbd7 11. O-O a6 12. h3 Rb8 13. Nc4 Nb6 14. Qb3 Nxc4 15.
Qxc4 Bd7 16. a5 Qc8 17. Qh4 h5 18. Bf4 Qc7 19. Bg5 Nh7 20. Bc1 b5 21. axb6 Rxb6
22. Qc4 Bc8 23. Na4 Rb4 24. Qc2 Bf5 25. e4 Bxe4 26. Bxe4 Rbxe4 27. Nc3 Re1 28.
Rxe1 Rxe1+ 29. Kg2 Qb7 30. Qd2 Qe7 31. Ra4 Bd4 32. Qc2 Nf6 33. Bd2 Re5 34. Rxa6
Nxd5 35. Nb5 Qb7 36. Ra7 Ne3+ 0-1

[Event "43. Olimpiada Batumi 2018 Femenina"]
[Site "Batumi GEO"]
[Date "2018.09.27"]
[Round "4.1"]
[White "Sebag, Marie"]
[Black "Exler, Veronika"]
[Result "1/2-1/2"]
[WhiteElo "2480"]
[BlackElo "2267"]
[PlyCount "106"]
[EventDate "2018.09.24"]
[EventType "team-swiss"]
[EventRounds "11"]
[EventCountry "GEO"]
[SourceTitle "Ajedrez en Madrid"]
[Source "lmi"]
[SourceDate "2018.09.24"]
[WhiteTeam "France"]
[BlackTeam "Austria"]
[WhiteTeamCountry "FRA"]
[BlackTeamCountry "AUT"]

1. e4 c6 2. d4 d5 3. e5 Bf5 4. Nf3 e6 5. Be2 Ne7 6. O-O c5 7. c4 Nbc6 8. Na3 a6
9. dxc5 d4 10. Bd3 Bxd3 11. Qxd3 Ng6 12. Re1 Bxc5 13. Nc2 Qc7 14. Qe4 Rc8 15.
b3 d3 16. Qxd3 Ncxe5 17. Nxe5 Nxe5 18. Qg3 Ng6 19. Qxc7 Rxc7 20. Be3 Bxe3 21.
Nxe3 Rd7 22. Rad1 Rxd1 23. Rxd1 Ke7 24. Kf1 Rd8 25. Rxd8 Kxd8 26. Ke2 Kd7 27.
Kd3 Ne5+ 28. Kc3 h5 29. f4 Ng6 30. g3 h4 31. c5 hxg3 32. hxg3 Kc6 33. Kc4 Ne7
34. Nc2 Nf5 35. g4 Nh6 36. Ne3 Ng8 37. b4 Nf6 38. a4 Ne4 39. b5+ axb5+ 40.
axb5+ Kc7 41. g5 Nf2 42. Kd4 Nh3 43. Ke5 f6+ 44. gxf6 gxf6+ 45. Kxf6 Nxf4 46.
Ke5 Nd3+ 47. Kd4 Nf4 48. Nc4 Nd5 49. b6+ Kc6 50. Na5+ Kb5 51. Nxb7 Nxb6 52.
Nd6+ Kc6 53. cxb6 Kxb6 1/2-1/2

[Event "43. Olimpiada Batumi 2018 Femenina"]
[Site "Batumi GEO"]
[Date "2018.09.27"]
[Round "4.2"]
[White "Newrkla, Katharina"]
[Black "Guichard, Pauline"]
[Result "0-1"]
[WhiteElo "2204"]
[BlackElo "2390"]
[PlyCount "62"]
[EventDate "2018.09.24"]
[EventType "team-swiss"]
[EventRounds "11"]
[EventCountry "GEO"]
[SourceTitle "Ajedrez en Madrid"]
[Source "lmi"]
[SourceDate "2018.09.24"]
[WhiteTeam "Austria"]
[BlackTeam "France"]
[WhiteTeamCountry "AUT"]
[BlackTeamCountry "FRA"]

1. e4 e5 2. Nf3 Nc6 3. d4 exd4 4. Nxd4 Bc5 5. Nb3 Bb6 6. Qe2 a5 7. Be3 a4 8.
N3d2 Bxe3 9. Qxe3 Nf6 10. Bd3 O-O 11. O-O d5 12. Qf4 Re8 13. Nc3 Nh5 14. Qf3
Ne5 15. Qd1 Nf4 16. Nxd5 Nxd5 17. exd5 Nxd3 18. cxd3 Qxd5 19. Ne4 Bf5 20. Re1
Red8 21. Nc3 Qc6 22. Rc1 Rxd3 23. Qh5 Qd7 24. h3 h6 25. Qh4 Rd4 26. Qe7 Ra6 27.
Qc5 Bxh3 28. gxh3 Qxh3 29. Re8+ Kh7 30. Ne2 Rg6+ 31. Ng3 Rc6 0-1

[Event "43. Olimpiada Batumi 2018 Femenina"]
[Site "Batumi GEO"]
[Date "2018.09.27"]
[Round "4.3"]
[White "Milliet, Sophie"]
[Black "Teuschler, Barbara"]
[Result "1/2-1/2"]
[WhiteElo "2389"]
[BlackElo "2172"]
[PlyCount "105"]
[EventDate "2018.09.24"]
[EventType "team-swiss"]
[EventRounds "11"]
[EventCountry "GEO"]
[SourceTitle "Ajedrez en Madrid"]
[Source "lmi"]
[SourceDate "2018.09.24"]
[WhiteTeam "France"]
[BlackTeam "Austria"]
[WhiteTeamCountry "FRA"]
[BlackTeamCountry "AUT"]

1. e4 e5 2. Nf3 Nc6 3. Bc4 Bc5 4. d3 Nf6 5. O-O d6 6. c3 O-O 7. b4 Bb6 8. a4 a5
9. b5 Ne7 10. Bg5 Ng6 11. Nh4 Nxh4 12. Bxh4 Be6 13. Nd2 h6 14. Bxe6 fxe6 15.
Nc4 Bc5 16. d4 exd4 17. cxd4 Bb4 18. Ne3 Qd7 19. Bxf6 Rxf6 20. Rc1 c6 21. bxc6
bxc6 22. Rc2 Rf7 23. Qd3 Rb8 24. Nc4 Qa7 25. Rfc1 Rd7 26. Ne3 c5 27. d5 e5 28.
Nf5 Qc7 29. h4 Rf7 30. Rf1 Qd7 31. f4 Re8 32. Qg3 Kh7 33. h5 Rf6 34. fxe5 Rxe5
35. Rf4 Re8 36. Rg4 Rg8 37. Rg6 Rxf5 38. exf5 Qxf5 39. Rc4 Qxd5 40. Rcg4 Qd1+
41. Kh2 Qa1 42. Qxd6 Bc3 43. Qe6 Qc1 44. Qf5 Kh8 45. Qxc5 Qe1 46. Qd5 Be5+ 47.
g3 Rb8 48. Kh3 Qf1+ 49. Qg2 Qf5 50. Qe4 Qf1+ 51. Qg2 Qf5 52. Qe4 Qf1+ 53. Qg2
1/2-1/2

[Event "43. Olimpiada Batumi 2018 Femenina"]
[Site "Batumi GEO"]
[Date "2018.09.27"]
[Round "4.4"]
[White "Trippold, Denise"]
[Black "Haussernot, Cecile"]
[Result "1-0"]
[WhiteElo "2146"]
[BlackElo "2237"]
[PlyCount "69"]
[EventDate "2018.09.24"]
[EventType "team-swiss"]
[EventRounds "11"]
[EventCountry "GEO"]
[SourceTitle "Ajedrez en Madrid"]
[Source "lmi"]
[SourceDate "2018.09.24"]
[WhiteTeam "Austria"]
[BlackTeam "France"]
[WhiteTeamCountry "AUT"]
[BlackTeamCountry "FRA"]

1. c4 c6 2. g3 d5 3. Bg2 Nf6 4. Nf3 e6 5. O-O Nbd7 6. d4 Bd6 7. Nfd2 O-O 8. Nc3
Bc7 9. e4 dxc4 10. e5 Nd5 11. Nde4 c5 12. Bg5 Qe8 13. Nb5 f6 14. exf6 N7xf6 15.
Nxc7 Nxc7 16. Bxf6 gxf6 17. Nd6 Qe7 18. dxc5 e5 19. Nxc8 Raxc8 20. Qg4+ Kh8 21.
Qxc4 Ne6 22. b4 Nd4 23. Rfe1 Rfd8 24. Rad1 Qd7 25. Kh1 Rc7 26. f4 Qg4 27. fxe5
fxe5 28. Rd2 Re7 29. b5 Rf8 30. c6 bxc6 31. bxc6 Qg5 32. Rdd1 Rc7 33. Qc5 Qf6
34. Rf1 Nf5 35. g4 1-0

[Event "43. Olimpiada Batumi 2018 Femenina"]
[Site "Batumi GEO"]
[Date "2018.09.27"]
[Round "4.1"]
[White "Peng, Zhaoqin"]
[Black "Dolzhikova, Olga"]
[Result "0-1"]
[WhiteElo "2367"]
[BlackElo "2184"]
[PlyCount "76"]
[EventDate "2018.09.24"]
[EventType "team-swiss"]
[EventRounds "11"]
[EventCountry "GEO"]
[SourceTitle "Ajedrez en Madrid"]
[Source "lmi"]
[SourceDate "2018.09.24"]
[WhiteTeam "Netherlands"]
[BlackTeam "Norway"]
[WhiteTeamCountry "NED"]
[BlackTeamCountry "NOR"]

1. d4 e6 2. Nf3 b6 3. e4 Bb7 4. Bd3 Nf6 5. e5 Nd5 6. a3 d6 7. O-O c5 8. c4 Ne7
9. exd6 Qxd6 10. Nc3 a6 11. Ne4 Qc7 12. dxc5 bxc5 13. Re1 Nd7 14. b4 Ng6 15.
Neg5 Be7 16. Rb1 O-O 17. Qc2 Bf6 18. Be3 Rfe8 19. Be4 Bxe4 20. Nxe4 Be7 21.
Red1 Red8 22. h3 h6 23. Qe2 Qc6 24. Nfd2 Rab8 25. Qf3 Nde5 26. Qe2 cxb4 27.
axb4 Rxb4 28. Rbc1 f5 29. Nc3 f4 30. Ba7 Rd7 31. Nd5 exd5 32. cxd5 Qxd5 33. Nc4
Rxc4 34. Rxd5 Rxc1+ 35. Kh2 Rxd5 36. Qa2 Rcd1 37. Qxa6 Kh7 38. Qe6 Bc5 0-1

[Event "43. Olimpiada Batumi 2018 Femenina"]
[Site "Batumi GEO"]
[Date "2018.09.27"]
[Round "4.2"]
[White "Sahl, Sheila Barth"]
[Black "Haast, Anne"]
[Result "0-1"]
[WhiteElo "2136"]
[BlackElo "2345"]
[PlyCount "128"]
[EventDate "2018.09.24"]
[EventType "team-swiss"]
[EventRounds "11"]
[EventCountry "GEO"]
[SourceTitle "Ajedrez en Madrid"]
[Source "lmi"]
[SourceDate "2018.09.24"]
[WhiteTeam "Norway"]
[BlackTeam "Netherlands"]
[WhiteTeamCountry "NOR"]
[BlackTeamCountry "NED"]

1. d4 Nf6 2. Nf3 g6 3. Nc3 d5 4. Bf4 Bg7 5. e3 O-O 6. Be2 c6 7. h3 Nbd7 8. O-O
Re8 9. Bh2 b6 10. b4 Bb7 11. Rb1 Qc8 12. Ne5 Rd8 13. Rb3 Ne4 14. Nxd7 Nxc3 15.
Rxc3 Rxd7 16. Qb1 Qe8 17. f4 e6 18. Rb3 Qc8 19. Bg3 Ba6 20. Bxa6 Qxa6 21. c3
Rc8 22. Rf2 c5 23. Qf1 Qxf1+ 24. Kxf1 cxb4 25. cxb4 a6 26. Rfb2 Bf8 27. Be1
Rdc7 28. Ke2 f6 29. Kd3 Kf7 30. Rf2 Bd6 31. Bc3 Rc4 32. Re2 b5 33. Rf2 Ra8 34.
Rfb2 h5 35. Rf2 a5 36. bxa5 b4 37. Be1 Rxa5 38. Rfb2 Ra4 39. Bd2 e5 40. g3 Ke6
41. g4 Kf7 42. fxe5 fxe5 43. Be1 Ke6 44. dxe5 Bxe5 45. Rg2 hxg4 46. Rxg4 Rxg4
47. hxg4 Bd6 48. Rb2 Bc5 49. Bd2 Kd6 50. Bc1 Ra3+ 51. Ke2 Rc3 52. Bd2 Rc4 53.
Kf3 Ke6 54. Rb1 Bd6 55. Rb2 Kd7 56. Rb1 Kc6 57. Rb3 Kd7 58. Rb1 Ke6 59. Rb2 Be7
60. Rb3 Rc2 61. Bxb4 Bh4 62. g5 Kf5 63. e4+ dxe4+ 64. Ke3 Bf2# 0-1

[Event "43. Olimpiada Batumi 2018 Femenina"]
[Site "Batumi GEO"]
[Date "2018.09.27"]
[Round "4.3"]
[White "Lanchava, Tea"]
[Black "Machlik, Monika"]
[Result "1-0"]
[WhiteElo "2339"]
[BlackElo "2059"]
[PlyCount "83"]
[EventDate "2018.09.24"]
[EventType "team-swiss"]
[EventRounds "11"]
[EventCountry "GEO"]
[SourceTitle "Ajedrez en Madrid"]
[Source "lmi"]
[SourceDate "2018.09.24"]
[WhiteTeam "Netherlands"]
[BlackTeam "Norway"]
[WhiteTeamCountry "NED"]
[BlackTeamCountry "NOR"]

1. c4 e5 2. Nc3 Nf6 3. g3 d5 4. cxd5 Nxd5 5. Bg2 Nb6 6. Nf3 Nc6 7. d3 Be7 8. a3
O-O 9. b4 Re8 10. Rb1 Bf8 11. O-O Nd4 12. Bb2 c6 13. Ne4 Bg4 14. Ned2 Nxf3+ 15.
Nxf3 f6 16. h3 Be6 17. Bc3 Qd7 18. Kh2 Nc8 19. Qc2 Nd6 20. a4 Nf5 21. e3 Nd6
22. Rfd1 Bd5 23. e4 Bf7 24. d4 exd4 25. Nxd4 Qc7 26. Ba1 Rac8 27. Rbc1 Qb6 28.
f4 Rcd8 29. e5 fxe5 30. fxe5 Nc8 31. e6 Bg6 32. Qb3 Be7 33. b5 c5 34. Ne2 Nd6
35. Nf4 c4 36. Qa2 Qc5 37. Nd5 Bf8 38. Bd4 Qc8 39. Nf4 Be7 40. Be5 Qa8 41. Nd5
Qb8 42. Rxc4 1-0

[Event "43. Olimpiada Batumi 2018 Femenina"]
[Site "Batumi GEO"]
[Date "2018.09.27"]
[Round "4.4"]
[White "Kyrkjebo, Hanna B"]
[Black "Ratsma, Rosa"]
[Result "0-1"]
[WhiteElo "1947"]
[BlackElo "2260"]
[PlyCount "106"]
[EventDate "2018.09.24"]
[EventType "team-swiss"]
[EventRounds "11"]
[EventCountry "GEO"]
[SourceTitle "Ajedrez en Madrid"]
[Source "lmi"]
[SourceDate "2018.09.24"]
[WhiteTeam "Norway"]
[BlackTeam "Netherlands"]
[WhiteTeamCountry "NOR"]
[BlackTeamCountry "NED"]

1. e4 c5 2. Nf3 d6 3. Bb5+ Nc6 4. Bxc6+ bxc6 5. e5 d5 6. d3 Bg4 7. h3 Bxf3 8.
Qxf3 e6 9. O-O Ne7 10. Nc3 Nf5 11. Qd1 Be7 12. Re1 O-O 13. Bf4 Qb6 14. Rb1 Rad8
15. Ne2 Qa6 16. a3 c4 17. d4 Rb8 18. c3 Rb3 19. Nc1 Rb6 20. Ne2 Qb7 21. Bc1
Bxa3 22. Qa4 Be7 23. Ra1 a6 24. Ra2 c5 25. Rd1 cxd4 26. Nxd4 Nxd4 27. Rxd4 Qb8
28. Bf4 Rxb2 29. Qxa6 Qb3 30. Rxb2 Qxb2 31. Qa5 Rc8 32. Rd2 Qb1+ 33. Kh2 Qf5
34. Bg3 h5 35. h4 Bxh4 36. Re2 Bxg3+ 37. fxg3 h4 38. gxh4 Qh5 39. Qa2 Qxh4+ 40.
Kg1 Rb8 41. Re3 Qf4 42. Re1 Qg3 43. Qf2 Qxf2+ 44. Kxf2 Rb2+ 45. Kg1 Rd2 46. Kf1
Rd3 47. Ra1 Rxc3 48. Ra8+ Kh7 49. Ra7 Kg6 50. Ke2 Rg3 51. Kf2 Rg5 52. Kf3 Rf5+
53. Kg3 Rxe5 0-1

[Event "43. Olimpiada Batumi 2018 Femenina"]
[Site "Batumi GEO"]
[Date "2018.09.27"]
[Round "4.1"]
[White "Zhou, Qiyu"]
[Black "Ahmad Murad, Fatema Alzahraa"]
[Result "1-0"]
[WhiteElo "2207"]
[BlackElo "1649"]
[PlyCount "59"]
[EventDate "2018.09.24"]
[EventType "team-swiss"]
[EventRounds "11"]
[EventCountry "GEO"]
[SourceTitle "Ajedrez en Madrid"]
[Source "lmi"]
[SourceDate "2018.09.24"]
[WhiteTeam "Canada"]
[BlackTeam "Syria"]
[WhiteTeamCountry "CAN"]
[BlackTeamCountry "SYR"]

1. e4 e6 2. d4 d5 3. Nc3 Bb4 4. e5 b6 5. a3 Bf8 6. Be3 Ba6 7. Nge2 Ne7 8. Ng3
h6 9. h4 Bxf1 10. Rxf1 c6 11. Qd3 Ng6 12. h5 Nh4 13. Rg1 Nd7 14. O-O-O Qc7 15.
f4 c5 16. dxc5 Nxc5 17. Qe2 Be7 18. Qg4 Rg8 19. f5 Qxe5 20. Bd4 Qd6 21. f6 Nf5
22. Nxf5 exf5 23. Qxf5 gxf6 24. Bxc5 Qxc5 25. Nxd5 Rg5 26. Qe4 Re5 27. Nxf6+
Bxf6 28. Qxa8+ Ke7 29. Qd8+ Ke6 30. Qd7# 1-0

[Event "43. Olimpiada Batumi 2018 Femenina"]
[Site "Batumi GEO"]
[Date "2018.09.27"]
[Round "4.2"]
[White "Yazji, Mada"]
[Black "Ouellet, Maili-Jade"]
[Result "0-1"]
[WhiteElo "1726"]
[BlackElo "2144"]
[PlyCount "84"]
[EventDate "2018.09.24"]
[EventType "team-swiss"]
[EventRounds "11"]
[EventCountry "GEO"]
[SourceTitle "Ajedrez en Madrid"]
[Source "lmi"]
[SourceDate "2018.09.24"]
[WhiteTeam "Syria"]
[BlackTeam "Canada"]
[WhiteTeamCountry "SYR"]
[BlackTeamCountry "CAN"]

1. e4 c5 2. Nf3 e6 3. d4 cxd4 4. Nxd4 a6 5. Nc3 Qc7 6. Be2 Nf6 7. O-O d6 8. Be3
Be7 9. Kh1 b5 10. a3 Bb7 11. Bd3 Nbd7 12. f4 O-O 13. Qe2 Rac8 14. Rae1 Rfe8 15.
Bd2 Nf8 16. f5 Rcd8 17. fxe6 Nxe6 18. Nxe6 fxe6 19. Qe3 Bc8 20. e5 dxe5 21. Qh3
Rf8 22. Rxf6 Bxf6 23. Qxh7+ Kf7 24. Qg6+ Ke7 25. Ne4 a5 26. b4 a4 27. Be3 Rd4
28. c3 Rd5 29. Bc5+ Rxc5 30. Nxc5 Bd7 31. Nxd7 Qxd7 32. Qe4 Rd8 33. Rd1 Qd5 34.
Qxd5 Rxd5 35. Be2 e4 36. Rc1 e3 37. Kg1 Kd6 38. Kf1 Be5 39. g3 Rd2 40. c4 Bb2
41. Rd1 bxc4 42. Ke1 c3 0-1

[Event "43. Olimpiada Batumi 2018 Femenina"]
[Site "Batumi GEO"]
[Date "2018.09.27"]
[Round "4.3"]
[White "Demchenko, Svitlana"]
[Black "Mahmoud, Roula"]
[Result "1-0"]
[WhiteElo "2134"]
[BlackElo "1795"]
[PlyCount "79"]
[EventDate "2018.09.24"]
[EventType "team-swiss"]
[EventRounds "11"]
[EventCountry "GEO"]
[SourceTitle "Ajedrez en Madrid"]
[Source "lmi"]
[SourceDate "2018.09.24"]
[WhiteTeam "Canada"]
[BlackTeam "Syria"]
[WhiteTeamCountry "CAN"]
[BlackTeamCountry "SYR"]

1. e4 c5 2. Nf3 e6 3. d4 cxd4 4. Nxd4 Nf6 5. Nc3 d6 6. Be2 a6 7. a4 Be7 8. O-O
O-O 9. Be3 Qc7 10. f4 Nbd7 11. Bf3 Nb6 12. Kh1 Nc4 13. Bc1 Bd7 14. Qe1 Rac8 15.
b3 Qc5 16. Nce2 e5 17. bxc4 exd4 18. Bb2 Qxc4 19. Nxd4 Bxa4 20. Nf5 Qe6 21.
Rxa4 Rxc2 22. Bc3 Rc8 23. Nd4 Qd7 24. Ra3 d5 25. Nxc2 dxe4 26. Rb3 exf3 27.
Rxf3 Qd5 28. Rb1 Ne4 29. Ne3 Qc6 30. Bd4 b5 31. Nf5 Bf8 32. Re3 Nd6 33. Nxd6
Bxd6 34. Rc3 Qb7 35. Rxc8+ Qxc8 36. Rc1 Qa8 37. Qg3 Bf8 38. f5 Qe4 39. Bxg7
Bxg7 40. Rc8+ 1-0

[Event "43. Olimpiada Batumi 2018 Femenina"]
[Site "Batumi GEO"]
[Date "2018.09.27"]
[Round "4.4"]
[White "Khalil, Manar"]
[Black "Agbabishvili, Lali"]
[Result "0-1"]
[WhiteElo "1797"]
[BlackElo "2128"]
[PlyCount "74"]
[EventDate "2018.09.24"]
[EventType "team-swiss"]
[EventRounds "11"]
[EventCountry "GEO"]
[SourceTitle "Ajedrez en Madrid"]
[Source "lmi"]
[SourceDate "2018.09.24"]
[WhiteTeam "Syria"]
[BlackTeam "Canada"]
[WhiteTeamCountry "SYR"]
[BlackTeamCountry "CAN"]

1. e4 c5 2. Nf3 d6 3. d4 cxd4 4. Nxd4 Nf6 5. Nc3 a6 6. Be2 e5 7. Nb3 Be6 8. O-O
Nbd7 9. Kh1 Rc8 10. f4 Be7 11. Qe1 O-O 12. Be3 b5 13. a3 Kh8 14. Rd1 Qc7 15.
Qg3 Nb6 16. fxe5 dxe5 17. Bxb6 Qxb6 18. Qxe5 Rfe8 19. Qd4 Qxd4 20. Nxd4 Bxa3
21. Ncxb5 Bf8 22. Nc3 Bc4 23. Bd3 Kg8 24. Nf5 Re6 25. Ne3 Bxd3 26. cxd3 Rb6 27.
Nc4 Rbc6 28. e5 Ng4 29. Rf3 Re8 30. Re1 f6 31. Na5 Rc5 32. Nc4 fxe5 33. h3 Nf6
34. Nd2 Rb8 35. Nc4 Re8 36. Ne4 Rc6 37. Rf5 Nd7 0-1

[Event "43. Olimpiada Batumi 2018 Femenina"]
[Site "Batumi GEO"]
[Date "2018.09.27"]
[Round "4.1"]
[White "Abeysinghe, H M H Janandani"]
[Black "Paehtz, Elisabeth"]
[Result "0-1"]
[WhiteElo "1678"]
[BlackElo "2513"]
[PlyCount "76"]
[EventDate "2018.09.24"]
[EventType "team-swiss"]
[EventRounds "11"]
[EventCountry "GEO"]
[SourceTitle "Ajedrez en Madrid"]
[Source "lmi"]
[SourceDate "2018.09.24"]
[WhiteTeam "Sri Lanka"]
[BlackTeam "Germany"]
[WhiteTeamCountry "SRI"]
[BlackTeamCountry "GER"]

1. e4 c5 2. Nf3 d6 3. Nc3 a6 4. g3 Nc6 5. Bg2 g6 6. O-O Bg7 7. d3 e6 8. Ng5 h6
9. Nh3 Nge7 10. f4 O-O 11. Nf2 f5 12. Ne2 e5 13. c3 Be6 14. Be3 Qa5 15. Qd2 Kh7
16. Rfd1 fxe4 17. Nxe4 Rad8 18. d4 cxd4 19. cxd4 Qxd2 20. Rxd2 Nd5 21. Bf2 exf4
22. Nxf4 Nxf4 23. gxf4 Bd5 24. Bh4 Rd7 25. Bh3 Rdf7 26. Nxd6 Rxf4 27. Bf2 Nxd4
28. Bg2 Nf3+ 29. Bxf3 Bxf3 30. Rc1 Bc6 31. Rc4 Rf3 32. Rb4 a5 33. Rg4 h5 34.
Rg3 Rxf2 35. Rxf2 Bd4 36. Rd3 Bxf2+ 37. Kf1 Bc5+ 38. Ke1 Rd8 0-1

[Event "43. Olimpiada Batumi 2018 Femenina"]
[Site "Batumi GEO"]
[Date "2018.09.27"]
[Round "4.2"]
[White "Osmanodja, Filiz"]
[Black "Ranasinghe, S D."]
[Result "1-0"]
[WhiteElo "2348"]
[BlackElo "1785"]
[PlyCount "79"]
[EventDate "2018.09.24"]
[EventType "team-swiss"]
[EventRounds "11"]
[EventCountry "GEO"]
[SourceTitle "Ajedrez en Madrid"]
[Source "lmi"]
[SourceDate "2018.09.24"]
[WhiteTeam "Germany"]
[BlackTeam "Sri Lanka"]
[WhiteTeamCountry "GER"]
[BlackTeamCountry "SRI"]

1. e4 c5 2. Nf3 Nc6 3. Nc3 a6 4. d4 cxd4 5. Nxd4 e5 6. Nf5 d5 7. Nxd5 Bxf5 8.
exf5 Nge7 9. Nxe7 Qxe7 10. c3 Rd8 11. Qc2 e4 12. Bf4 Rd5 13. Be2 Rxf5 14. Bg3
h5 15. Rd1 Qe6 16. O-O h4 17. Bc7 Rg5 18. Rfe1 Be7 19. Bf1 f5 20. f3 O-O 21.
Bf4 Rg6 22. fxe4 Ne5 23. Bxe5 Qxe5 24. exf5 Qc5+ 25. Kh1 Rg5 26. b4 Qc7 27. Qe4
Rgxf5 28. Qc4+ Qxc4 29. Bxc4+ Kh8 30. Rxe7 b5 31. Be2 R5f6 32. Bf3 h3 33. Rde1
Kh7 34. Re8 hxg2+ 35. Bxg2 Rxe8 36. Rxe8 Rf2 37. Bd5 Rd2 38. Bg8+ Kh8 39. Bb3+
Kh7 40. Re6 1-0

[Event "43. Olimpiada Batumi 2018 Femenina"]
[Site "Batumi GEO"]
[Date "2018.09.27"]
[Round "4.3"]
[White "De Silva, Tenara"]
[Black "Hoolt, Sarah"]
[Result "1-0"]
[WhiteElo "1764"]
[BlackElo "2355"]
[PlyCount "87"]
[EventDate "2018.09.24"]
[EventType "team-swiss"]
[EventRounds "11"]
[EventCountry "GEO"]
[SourceTitle "Ajedrez en Madrid"]
[Source "lmi"]
[SourceDate "2018.09.24"]
[WhiteTeam "Sri Lanka"]
[BlackTeam "Germany"]
[WhiteTeamCountry "SRI"]
[BlackTeamCountry "GER"]

1. e4 g6 2. d4 Bg7 3. f4 d6 4. Nc3 a6 5. Nf3 b5 6. Bd3 Nd7 7. O-O c5 8. Be3 Bb7
9. a3 Ngf6 10. dxc5 Ng4 11. Qe1 Nxe3 12. Qxe3 Nxc5 13. e5 O-O 14. Be2 Qc8 15.
Rad1 Re8 16. Nd5 Bxd5 17. Rxd5 Qf5 18. c4 bxc4 19. Bxc4 Qc2 20. b3 Bf8 21. Ng5
e6 22. Rd2 Qf5 23. Be2 dxe5 24. fxe5 Nxb3 25. Rxf5 Bc5 26. Qxc5 Nxc5 27. Rxf7
Red8 28. Rxd8+ Rxd8 29. Rf6 Rd5 30. Nxe6 Nd7 31. Rf4 h6 32. Bc4 Rd1+ 33. Rf1
Rxf1+ 34. Kxf1 Nxe5 35. Bxa6 Kf7 36. Nd4 Kf6 37. Bb5 Ng4 38. a4 Nxh2+ 39. Kg1
Ng4 40. a5 Ne3 41. a6 Nd5 42. a7 Nc7 43. Bc6 g5 44. Nb5 1-0

[Event "43. Olimpiada Batumi 2018 Femenina"]
[Site "Batumi GEO"]
[Date "2018.09.27"]
[Round "4.4"]
[White "Fuchs, Judith"]
[Black "Jayaweera, Sayuni Gihansa"]
[Result "1-0"]
[WhiteElo "2274"]
[BlackElo "1655"]
[PlyCount "99"]
[EventDate "2018.09.24"]
[EventType "team-swiss"]
[EventRounds "11"]
[EventCountry "GEO"]
[SourceTitle "Ajedrez en Madrid"]
[Source "lmi"]
[SourceDate "2018.09.24"]
[WhiteTeam "Germany"]
[BlackTeam "Sri Lanka"]
[WhiteTeamCountry "GER"]
[BlackTeamCountry "SRI"]

1. d4 Nf6 2. Bf4 g6 3. Nc3 c5 4. d5 Bg7 5. e4 d6 6. Bb5+ Bd7 7. a4 Qa5 8. Bd2
O-O 9. Nf3 Qb4 10. Qe2 Bg4 11. O-O a6 12. Bc4 Qa5 13. h3 Bxf3 14. Qxf3 Nbd7 15.
Qe2 Qc7 16. f4 Rac8 17. a5 Kh8 18. Be1 Ng8 19. g4 Ngf6 20. Bg3 b5 21. axb6 Qxb6
22. Na4 Qa7 23. Kh1 a5 24. Nc3 Nb6 25. Nb5 Qa8 26. Ba2 c4 27. Kh2 Nfd7 28. c3
f5 29. gxf5 gxf5 30. Bh4 Bf6 31. Bxf6+ Nxf6 32. exf5 Qxd5 33. Nd4 Rg8 34. Rg1
Qb7 35. Raf1 Nbd5 36. Bxc4 Rxc4 37. Qxc4 Ne3 38. Qe2 Nxf1+ 39. Rxf1 Ne4 40. Rg1
Rxg1 41. Kxg1 Qd5 42. Kh2 a4 43. Qa6 Nc5 44. Qe2 Ne4 45. Qe3 Qb7 46. Kg1 Nc5
47. f6 Qxb2 48. fxe7 Qb1+ 49. Kh2 Qa2+ 50. Qe2 1-0

[Event "43. Olimpiada Batumi 2018 Femenina"]
[Site "Batumi GEO"]
[Date "2018.09.27"]
[Round "4.1"]
[White "Golubenko, Valentina"]
[Black "Cornette, Deimante"]
[Result "0-1"]
[WhiteElo "2254"]
[BlackElo "2462"]
[PlyCount "122"]
[EventDate "2018.09.24"]
[EventType "team-swiss"]
[EventRounds "11"]
[EventCountry "GEO"]
[SourceTitle "Ajedrez en Madrid"]
[Source "lmi"]
[SourceDate "2018.09.24"]
[WhiteTeam "Croatia"]
[BlackTeam "Lithuania"]
[WhiteTeamCountry "CRO"]
[BlackTeamCountry "LTU"]

1. Nf3 Nf6 2. c4 b6 3. g3 Bb7 4. Bg2 g6 5. d4 Bg7 6. d5 e6 7. Nc3 O-O 8. O-O c6
9. Ng5 exd5 10. cxd5 Nxd5 11. Nxd5 cxd5 12. Bxd5 Bxd5 13. Qxd5 Nc6 14. Bf4 Ne7
15. Qb3 Nf5 16. Rad1 Nd4 17. Qd3 Ne6 18. Nxe6 dxe6 19. Qe4 Qf6 20. b3 e5 21.
Be3 Qe7 22. Rd3 Qa3 23. Rd2 Rac8 24. Rfd1 Rfe8 25. Qb7 Rb8 26. Qc7 Rbc8 27. Rd8
Rxc7 28. Rxe8+ Bf8 29. Bh6 f6 30. Rdd8 Kf7 31. Rxf8+ Ke6 32. Rfe8+ Re7 33.
Rxe7+ Qxe7 34. Rc8 Qd7 35. Rg8 Qd1+ 36. Kg2 Qxe2 37. Re8+ Kd7 38. Rh8 Qxa2 39.
Rxh7+ Ke6 40. Be3 Qxb3 41. Rxa7 b5 42. Ra6+ Kf5 43. g4+ Ke4 44. Rxf6 Qc2 45.
Rb6 Qe2 46. g5 Kd5 47. Rxg6 b4 48. Rb6 Qg4+ 49. Kf1 b3 50. g6 Kc4 51. Ke1 Kc3
52. Bh6 Qe4+ 53. Kf1 b2 54. g7 b1=Q+ 55. Rxb1 Qxb1+ 56. Kg2 Qg6+ 57. Kf1 Kc4
58. h4 Kd5 59. h5 Qh7 60. Ke2 Ke6 61. Kf3 Kf7 0-1

[Event "43. Olimpiada Batumi 2018 Femenina"]
[Site "Batumi GEO"]
[Date "2018.09.27"]
[Round "4.2"]
[White "Zaksaite, Salomeja"]
[Black "Medic, Mirjana"]
[Result "1-0"]
[WhiteElo "2278"]
[BlackElo "2167"]
[PlyCount "67"]
[EventDate "2018.09.24"]
[EventType "team-swiss"]
[EventRounds "11"]
[EventCountry "GEO"]
[SourceTitle "Ajedrez en Madrid"]
[Source "lmi"]
[SourceDate "2018.09.24"]
[WhiteTeam "Lithuania"]
[BlackTeam "Croatia"]
[WhiteTeamCountry "LTU"]
[BlackTeamCountry "CRO"]

1. e4 e6 2. Qe2 d5 3. exd5 Qxd5 4. Nc3 Qd8 5. Nf3 Nc6 6. g3 Nf6 7. Bg2 Be7 8.
O-O O-O 9. Rd1 Nd5 10. d4 Nxc3 11. bxc3 Rb8 12. c4 Bf6 13. Rb1 Re8 14. Ne5 Bd7
15. Be3 Qc8 16. Ng4 Be7 17. h4 f5 18. Nh2 Bf6 19. Qd2 Ne7 20. d5 exd5 21. cxd5
b6 22. Nf3 Ng6 23. h5 Ne5 24. Nxe5 Bxe5 25. h6 Qd8 26. Bg5 Bf6 27. Bf4 Be5 28.
Bxe5 Rxe5 29. Qc3 Re7 30. d6 cxd6 31. Rxd6 Qf8 32. Rbd1 Rc8 33. Qb3+ Kh8 34.
Rxd7 1-0